<?xml version="1.0" encoding="UTF-8"?><?xml-stylesheet type="text/xsl" href="static/style.xsl"?><OAI-PMH xmlns="http://www.openarchives.org/OAI/2.0/" xmlns:xsi="http://www.w3.org/2001/XMLSchema-instance" xsi:schemaLocation="http://www.openarchives.org/OAI/2.0/ http://www.openarchives.org/OAI/2.0/OAI-PMH.xsd"><responseDate>2026-06-06T18:48:13Z</responseDate><request verb="GetRecord" identifier="oai:riuma.uma.es:10630/46436" metadataPrefix="marc">https://riuma.uma.es/rest/oai/request</request><GetRecord><record><header><identifier>oai:riuma.uma.es:10630/46436</identifier><datestamp>2026-04-22T08:01:36Z</datestamp><setSpec>com_10630_46181</setSpec><setSpec>com_10630_3139</setSpec><setSpec>com_10630_10</setSpec><setSpec>col_10630_46182</setSpec></header><metadata><record xmlns="http://www.loc.gov/MARC21/slim" xmlns:dcterms="http://purl.org/dc/terms/" xmlns:doc="http://www.lyncode.com/xoai" xmlns:xsi="http://www.w3.org/2001/XMLSchema-instance" xsi:schemaLocation="http://www.loc.gov/MARC21/slim http://www.loc.gov/standards/marcxml/schema/MARC21slim.xsd">
   <leader>00925njm 22002777a 4500</leader>
   <datafield ind2=" " ind1=" " tag="042">
      <subfield code="a">dc</subfield>
   </datafield>
   <datafield ind2=" " ind1=" " tag="720">
      <subfield code="a">Steinberg, Shirley R.</subfield>
      <subfield code="e">author</subfield>
   </datafield>
   <datafield ind2=" " ind1=" " tag="260">
      <subfield code="c">2025-11-01</subfield>
   </datafield>
   <datafield ind2=" " ind1=" " tag="520">
      <subfield code="a">Este texto profundiza en el concepto de bricolage dentro del ámbito de la investigación cualitativa, presentándolo como una estrategia interdisciplinar y multimetodológica que integra diversas perspectivas teóricas y filosóficas. La autora sostiene que el bricolage constituye una herramienta indispensable para comprender la complejidad de la realidad contemporánea, al tiempo que posibilita la generación de formas rigurosas de producción de conocimiento que trascienden los límites impuestos por los marcos disciplinares tradicionales. Finalmente, el artículo analiza los modos de promover este trabajo de frontera, orientado a consolidar un rigor intelectual más sofisticado y crítico en el ámbito académico.</subfield>
   </datafield>
   <datafield ind1="8" ind2=" " tag="024">
      <subfield code="a">Steinberg, Shirley R. (2025). Abordando el bricolage: Retazos de rigos en la investigación cualitativa crítica. Contrapuntos en Educación. Revista del Instituto Universitario de Investigación en formación de profesionales de la educación, 1(1), 24-36</subfield>
   </datafield>
   <datafield ind1="8" ind2=" " tag="024">
      <subfield code="a">https://hdl.handle.net/10630/46436</subfield>
   </datafield>
   <datafield ind1="8" ind2=" " tag="024">
      <subfield code="a">10.24310/cpe.1.1.2025.22419</subfield>
   </datafield>
   <datafield tag="653" ind2=" " ind1=" ">
      <subfield code="a">Investigación activa en educación</subfield>
   </datafield>
   <datafield tag="653" ind2=" " ind1=" ">
      <subfield code="a">Profesores - Formación profesional</subfield>
   </datafield>
   <datafield ind2="0" ind1="0" tag="245">
      <subfield code="a">Abordando el bricolage: Retazos de rigor en la Investigación Cualitativa Crítica</subfield>
   </datafield>
</record>
</metadata></record></GetRecord></OAI-PMH>